000 00330nam a2200145Ia 4500
003 OSt
005 20231123070357.0
008 170524s9999 xx 000 0 und d
020 _a81-317-0157-3
040 _cIIMT
100 _aROBBINS- SP
245 0 _aFUNDAMENTALS OF MANAGEMENT
260 _bCONCEPT PUB. CO.
942 _2ddc
_c02
999 _c8051
_d8051